000 00493nam a2200169Ia 4500
001 11862
003 GE_BSU
008 181216s||||||||xx |||||||||||||| ||und||
040 _cGE_BSU
245 _aПрограммирование на С/С++ №9(129). Сентябрь 2014
245 _bЖурнал для профессионалов.
260 _aМосква
260 _c2014
300 _a23стр.29см.
653 _aПрограммирование на С/С++
942 _cCR
999 _c45041
_d45041